تخطي إلى المحتوى

Поведенческая экономика и финансы Учебное пособие

Учебное пособие посвящено поведенческой экономике — популярному современному направлению экономической науки. Поведенческая экономика как дисциплина возникшая на стыке экономической теории и психологии представляет несомненный интерес как для студентов-экономистов так и для широкой аудитории. Рассма...

وصف كامل

محفوظ في:
التفاصيل البيبلوغرافية
المؤلف الرئيسي: Рахмеева И.И
التنسيق: Учебное пособие
الطبعة:1
سلاسل:Высшее образование
الوصول للمادة أونلاين:https://znanium.ru/catalog/document?id=457926
https://znanium.ru/cover/2139/2139203.jpg
الوسوم: إضافة وسم
لا توجد وسوم, كن أول من يضع وسما على هذه التسجيلة!
LEADER 05178nam0a2200445 i 4500
001 RU\infra-m\znanium\bibl\2139203
003 https://znanium.ru/catalog/document?id=457926
005 20250121000000.0
010 |a 978-5-16-019826-2 
010 |a 978-5-16-112356-0  |b электр. издание 
100 |a 20250121d2024 m y0rusy0150 ca 
101 0 |a rus 
102 |a RU 
200 1 |a Поведенческая экономика и финансы  |e Учебное пособие  |f Уральский государственный экономический университет  |g Санкт-Петербургский гуманитарный университет профсоюзов  |g Новосибирский государственный университет экономики и управления 
205 |a 1 
210 1 |a Москва  |c ООО "Научно-издательский центр ИНФРА-М"  |d 2025 
215 |a 244 с. 
225 1 |a Высшее образование 
330 |a Учебное пособие посвящено поведенческой экономике — популярному современному направлению экономической науки. Поведенческая экономика как дисциплина возникшая на стыке экономической теории и психологии представляет несомненный интерес как для студентов-экономистов так и для широкой аудитории. Рассматриваются основные концепции из которых складывается аналитический фундамент поведенческой экономики а также сферы ее применения — поведенческие финансы потребительское поведение архитектура выбора и т.д. Соответствует требованиям федеральных государственных образовательных стандартов высшего образования последнего поколения. Для подготовки студентов всех форм обучения по профилям «Экономика» «Менеджмент» «Бизнес-информатика» «Государственное и муниципальное управление» научных работников практиков бизнеса и представителей органов государственной власти а также для широкого круга читателей интересующихся вопросами экономической психологии и поведенческой экономики. 
333 |a ВО - Бакалавриат 
606 |a Экономика. Бухгалтерский учет. Финансы  |x Общая экономическая теория  |2 local 
608 |a Учебное пособие  |2 local 
675 |a 330.16(075.8)  |z rus 
686 |a 65.012.12я73  |2 rubbk 
686 |a 27.04.07  |2 okso 
686 |a 37.05.02  |2 okso 
686 |a 38.04.01  |2 okso 
686 |a 38.04.03  |2 okso 
700 1 |a Рахмеева  |b И.И.  |g Ирина Игоревна  |p Уральский государственный экономический университет 
701 1 |a Комарова  |b О. В.  |g Оксана Викторовна  |p Уральский государственный экономический университет 
701 1 |a Ляскин  |b Г.Г.  |g Геннадий Геннадьевич  |p Новосибирский государственный университет экономики и управления 
701 1 |a Джой  |b Е.С.  |g Елена Сергеевна  |p Санкт-Петербургский гуманитарный университет профсоюзов 
701 1 |a Загурский  |b А.О.  |g Александр Олегович  |p Уральский государственный экономический университет 
701 1 |a Тухтарова  |b Е.Х.  |g Евгения Хасановна  |p Уральский государственный экономический университет 
701 1 |a Филатов  |b Д.В.  |g Дмитрий Викторович  |p Уральский государственный экономический университет 
712 0 2 |a Санкт-Петербургский гуманитарный университет профсоюзов 
712 0 2 |a Новосибирский государственный университет экономики и управления 
801 0 |a RU  |b Общество с ограниченной ответственностью «ЗНАНИУМ»  |c 20240212  |2 rusmarc 
856 4 |a znanium.ru  |m ebs_support@infra-m.ru  |n НИЦ ИНФРА-М  |u https://znanium.ru/catalog/document?id=457926 
856 4 1 |a znanium.ru  |d /cover/2139  |f 2139203.jpg  |q image/jpeg  |u https://znanium.ru/cover/2139/2139203.jpg